[Event "SK Bebenhausen - TG Biberach"]
[Site "?"]
[Date "2024.03.24"]
[Round "8.1"]
[White "Sinz, Bernhard"]
[Black "Braun, Georg"]
[Result "1-0"]
[WhiteElo "2330"]
[BlackElo "2398"]
[PlyCount "45"]
[EventDate "2024.??.??"]

1. e4 Nc6 2. d4 d5 3. Nc3 dxe4 4. d5 Nb8 5. Bf4 Nf6 6. Bc4 a6 7. Qe2 b5 8. Bb3 c5 9. dxc6 Nxc6 10. Nxe4 Nd4 11. Nxf6+ gxf6 12. Qh5 Nxb3 13. axb3 Bb7 14. Rd1 Qc8 15. Nf3 Qxc2 16. O-O e6 17. Nh4 Qe4 18. Rfe1 Qc6 19. Rd6 Bxd6 20. Rxe6+ Be7 21. Rxc6 Bxc6 22. Nf5 Rc8 23. Qe2 1-0

[Event "SK Bebenhausen - TG Biberach"]
[Site "?"]
[Date "2024.03.24"]
[Round "8.2"]
[White "Waffenschmidt, Lars"]
[Black "Fischer, Andre"]
[Result "1-0"]
[WhiteElo "2281"]
[BlackElo "2245"]
[PlyCount "120"]
[EventDate "2024.??.??"]

1. e4 c5 2. Nf3 d6 3. d4 cxd4 4. Nxd4 Nf6 5. Nc3 a6 6. Be3 e5 7. Nf3 Be7 8. Bc4 O-O 9. Bb3 Nc6 10. Qd3 Na5 11. O-O Qc7 12. Bg5 Be6 13. Bxf6 Bxf6 14. Nd5 Bxd5 15. Bxd5 Rac8 16. c3 Nc4 17. Rab1 Be7 18. Rfd1 g6 19. h4 Kg7 20. h5 Nb6 21. Qe3 Nxd5 22. Rxd5 Rcd8 23. Rbd1 Qc8 24. c4 f6 25. b3 Qc7 26. Nh4 f5 27. Nf3 f4 28. Qe2 gxh5 29. Ne1 Kh6 30. R1d3 Qc6 31. c5 Bf6 32. cxd6 Qd7 33. Rh3 h4 34. Rc3 Qe6 35. Qd3 Rd7 36. Rc7 Rg8 37. Kf1 Rgg7 38. Rxd7 Rxd7 39. Nf3 h3 40. gxh3 Qxh3+ 41. Ke2 Qe6 42. a4 Kg7 43. Nd2 h5 44. Nc4 h4 45. Qf3 Rd8 46. Rc5 Rc8 47. Rc7+ Kh6 48. Rxc8 Qxc8 49. a5 Qe6 50. Kf1 Kg7 51. Kg2 Kf8 52. Kh2 Kg7 53. Qd1 Bd8 54. d7 Kf8 55. Qd6+ Qxd6 56. Nxd6 b5 57. Nb7 Ke7 58. b4 Kxd7 59. Nxd8 Kxd8 60. Kh3 Ke7 1-0

[Event "SK Bebenhausen - TG Biberach"]
[Site "?"]
[Date "2024.03.24"]
[Round "8.3"]
[White "Birkenmaier, Rainer"]
[Black "Hartmann, Martin"]
[Result "1/2-1/2"]
[WhiteElo "2107"]
[BlackElo "2165"]
[PlyCount "111"]
[EventDate "2024.??.??"]

1. d4 Nf6 2. Nf3 d5 3. c3 Bf5 4. Bf4 Nbd7 5. Nbd2 h6 6. e3 e6 7. Qb3 Qc8 8. Ne5 Nxe5 9. Bxe5 Nd7 10. Bg3 Be7 11. c4 c6 12. Bd3 Bxd3 13. Qxd3 O-O 14. O-O Nf6 15. h3 Rd8 16. cxd5 exd5 17. Bh4 Qe6 18. Rac1 Bd6 19. Bxf6 Qxf6 20. g3 Re8 21. Kg2 Re7 22. a3 Rae8 23. Rce1 Bb8 24. b4 a6 25. Re2 Qd6 26. Rfe1 Re6 27. e4 dxe4 28. Rxe4 Qd5 29. Kg1 Ba7 30. Rxe6 Rxe6 31. Rxe6 Qxe6 32. Kh2 h5 33. h4 g6 34. Nb3 Qd5 35. Qe3 Kh7 36. Kg1 Qf5 37. Kg2 Qd5+ 38. Kg1 Qf5 39. Kg2 b6 40. Qf3 Qxf3+ 41. Kxf3 Bb8 42. Nd2 Kg7 43. Nc4 Bc7 44. Ke3 Kf6 45. f4 Kf5 46. Kf3 f6 47. Ne3+ Ke6 48. Ke4 f5+ 49. Kd3 b5 50. Kc3 a5 51. Kd3 axb4 52. axb4 Bd8 53. Kc3 Be7 54. Kb3 Bf6 55. Kc3 Be7 56. Kb3 1/2-1/2

[Event "SK Bebenhausen - TG Biberach"]
[Site "?"]
[Date "2024.03.24"]
[Round "8.4"]
[White "Latzke, Boris"]
[Black "Schulze, Andreas"]
[Result "1-0"]
[WhiteElo "2164"]
[BlackElo "2088"]
[PlyCount "67"]
[EventDate "2024.??.??"]

1. d4 Nf6 2. c4 g6 3. Nc3 d5 4. Nf3 Bg7 5. Qb3 dxc4 6. Qxc4 O-O 7. e4 Bg4 8. Be2 Nfd7 9. Be3 Bxf3 10. gxf3 Nb6 11. Qc5 e5 12. d5 c6 13. O-O cxd5 14. exd5 N8d7 15. Qb4 f5 16. Rfd1 Rc8 17. a4 f4 18. Bxb6 axb6 19. d6 Kh8 20. Ne4 Nc5 21. d7 Rc7 22. Bb5 Nxe4 23. Qxe4 Rf5 24. Rac1 Bf6 25. Qd5 e4 26. Qe6 Rcc5 27. Rxc5 bxc5 28. fxe4 Rg5+ 29. Kf1 Kg7 30. Rd6 Bd4 31. Qe8 Rg1+ 32. Kxg1 Qg5+ 33. Kf1 f3 34. Qf8+ 1-0

[Event "SK Bebenhausen - TG Biberach"]
[Site "?"]
[Date "2024.03.24"]
[Round "8.5"]
[White "Mack, Wolfgang"]
[Black "Khadempour, Farhad"]
[Result "1-0"]
[WhiteElo "2228"]
[BlackElo "2143"]
[PlyCount "147"]
[EventDate "2024.??.??"]

1. c4 c5 2. g3 Nf6 3. Bg2 Nc6 4. b3 g6 5. Bb2 Bg7 6. Nf3 O-O 7. O-O d6 8. Nc3 a6 9. d4 cxd4 10. Nxd4 Nxd4 11. Qxd4 Rb8 12. Rfd1 Be6 13. Qh4 h6 14. Ne4 Nxe4 15. Bxg7 Kxg7 16. Qxe4 Qa5 17. Qd4+ Kh7 18. Qe3 Qf5 19. Rac1 b6 20. Bd5 Bxd5 21. cxd5 Rb7 22. Rc6 Rfb8 23. Qd4 a5 24. Rd3 f6 25. Re3 h5 26. Kg2 g5 27. h3 Kg7 28. Rec3 Kf7 29. e4 Qg6 30. Rf3 Kg7 31. Rf5 Kf7 32. Qd3 Kg7 33. Qc2 Qe8 34. Kh2 b5 35. f4 gxf4 36. Rxf4 b4 37. Rf5 Rb5 38. Qe2 Kh6 39. g4 hxg4 40. Qxg4 Qg6 41. Qf4+ Kg7 42. Rc2 Kf7 43. Rg2 Qh7 44. Qg4 Rh8 45. Rf3 Rc5 46. e5 dxe5 47. Qe6+ Ke8 48. Rfg3 Rc2 49. d6 Rxg2+ 50. Rxg2 f5 51. Rg3 e4 52. d7+ Kd8 53. Qc6 e5 54. Qc8+ Ke7 55. Qc7 Rd8 56. Qxe5+ Kxd7 57. Rg7+ Qxg7 58. Qxg7+ Ke6 59. Qc7 Rd2+ 60. Kg3 Rd3+ 61. Kg2 Rd2+ 62. Kg3 Rd3+ 63. Kf2 Rxh3 64. Qxa5 f4 65. Qg5 Rf3+ 66. Ke2 Re3+ 67. Kd2 Rd3+ 68. Kc2 f3 69. Qb5 Rc3+ 70. Kb2 e3 71. Qxb4 f2 72. Qe4+ Kd7 73. Qf5+ Kd6 74. Kxc3 1-0

[Event "SK Bebenhausen - TG Biberach"]
[Site "?"]
[Date "2024.03.24"]
[Round "8.6"]
[White "Roth, Juergen Eugen"]
[Black "Engelhart, Achim"]
[Result "1/2-1/2"]
[WhiteElo "2124"]
[BlackElo "2088"]
[PlyCount "56"]
[EventDate "2024.??.??"]

1. g3 e5 2. Bg2 c5 3. Nc3 Nc6 4. d3 g6 5. e4 Bg7 6. Nge2 Nge7 7. Be3 d6 8. O-O O-O 9. Qd2 Rb8 10. a4 a6 11. f4 f5 12. fxe5 Nxe5 13. Bh6 Bd7 14. Bxg7 Kxg7 15. Nf4 Ng4 16. h3 Nf6 17. Rae1 Qb6 18. Kh2 Rbe8 19. b3 Nc6 20. Ncd5 Nxd5 21. Nxd5 Qd8 22. c3 Be6 23. exf5 Bxf5 24. Nf4 Rxe1 25. Rxe1 Re8 26. Bd5 Bd7 27. Re3 Rxe3 28. Qxe3 Qf6 1/2-1/2

[Event "SK Bebenhausen - TG Biberach"]
[Site "?"]
[Date "2024.03.24"]
[Round "8.8"]
[White "Carstens, Andreas"]
[Black "Namyslo, Holger"]
[Result "1/2-1/2"]
[WhiteElo "2122"]
[BlackElo "2125"]
[PlyCount "98"]
[EventDate "2024.??.??"]

1. e4 e6 2. d4 d5 3. Nd2 Nf6 4. e5 Nfd7 5. c3 c5 6. Bd3 Nc6 7. Ne2 cxd4 8. cxd4 f6 9. exf6 Nxf6 10. Nf3 Bd6 11. O-O Qb6 12. Nc3 Bd7 13. Be3 O-O 14. a3 a6 15. b4 Rac8 16. Rc1 Na7 17. Ne5 Be8 18. Bb1 Qd8 19. Qb3 Nb5 20. Ne2 Rxc1 21. Rxc1 Qb8 22. f4 g6 23. g3 Be7 24. Kg2 Nd6 25. Ng1 b5 26. Ngf3 Nc4 27. Ng5 Qd6 28. Bf2 h6 29. Ngf3 Ne4 30. Be1 Kg7 31. Qd3 g5 32. fxg5 Bxg5 33. Nxg5 hxg5 34. Nxc4 bxc4 35. Qe3 Bg6 36. Bxe4 Bxe4+ 37. Kg1 Qe7 38. Bd2 Kg6 39. Rf1 Rxf1+ 40. Kxf1 Qf6+ 41. Kg1 Bd3 42. Qf2 Bc2 43. Bc3 Qf5 44. h4 gxh4 45. gxh4 Kh5 46. Be1 Qg4+ 47. Kh2 Bf5 48. Qe3 Kg6 49. Qg3 Kh5 1/2-1/2

[Event "SK Schwäbisch Hall - SF Deizisau 2"]
[Site "?"]
[Date "2024.03.24"]
[Round "8.1"]
[White "Dabo-Peranic, Robert"]
[Black "Sarenac, Ivan"]
[Result "0-1"]
[WhiteElo "2349"]
[BlackElo "2371"]
[PlyCount "58"]
[EventDate "2024.??.??"]

1. e4 e5 2. Nc3 Nf6 3. Nf3 Nc6 4. g3 d5 5. exd5 Nxd5 6. Bg2 Nxc3 7. bxc3 Bc5 8. O-O O-O 9. d3 Re8 10. Re1 Bb6 11. a4 Qf6 12. Qe2 e4 13. dxe4 Qxc3 14. Ra3 Qc5 15. Bb2 Be6 16. Bf1 Rad8 17. Rd3 Bc4 18. Rxd8 Rxd8 19. Qxc4 Qxf2+ 20. Kh1 Qxf3+ 21. Bg2 Qh5 22. e5 Bf2 23. g4 Qg6 24. Rf1 Rd2 25. e6 fxe6 26. Be4 Na5 27. Bxg6 Nxc4 28. Bc1 Ne3 29. Rxf2 Rd1+ 0-1

[Event "SK Schwäbisch Hall - SF Deizisau 2"]
[Site "?"]
[Date "2024.03.24"]
[Round "8.2"]
[White "Manoeuvre, Antoine"]
[Black "Ruf, Matthias"]
[Result "1/2-1/2"]
[WhiteElo "2314"]
[BlackElo "2310"]
[PlyCount "39"]
[EventDate "2024.??.??"]

1. d4 Nf6 2. c4 e6 3. Nc3 Bb4 4. Qc2 c5 5. dxc5 Qa5 6. Bd2 Na6 7. Nf3 Nxc5 8. a3 d6 9. Nb5 Bxd2+ 10. Nxd2 Qb6 11. b4 Na6 12. Qd3 Ke7 13. e4 Bd7 14. Be2 Rhd8 15. Nc3 Kf8 16. O-O Nc7 17. Rab1 Be8 18. Qg3 e5 19. Nb3 Ne6 20. Rfd1 1/2-1/2

[Event "SK Schwäbisch Hall - SF Deizisau 2"]
[Site "?"]
[Date "2024.03.24"]
[Round "8.3"]
[White "Koellner, Aaron Noah"]
[Black "Velikic, Adela"]
[Result "1-0"]
[WhiteElo "2110"]
[BlackElo "2278"]
[PlyCount "121"]
[EventDate "2024.??.??"]

1. d4 d5 2. Nf3 e6 3. e3 Nf6 4. Nbd2 b6 5. b3 Bb7 6. Bb2 Bd6 7. Bd3 O-O 8. O-O c5 9. c4 Nc6 10. Ne5 Rc8 11. cxd5 exd5 12. Ndf3 Ne7 13. Rc1 Ng6 14. Qe2 Rc7 15. Rc2 Qe7 16. Nxg6 hxg6 17. Rfc1 Ne4 18. Nd2 Ng5 19. Nf3 Nxf3+ 20. Qxf3 c4 21. Bf1 b5 22. Qd1 Rfc8 23. Be2 Qe6 24. Bg4 f5 25. Bf3 Qf7 26. Qe2 a6 27. g3 Bb4 28. Ra1 c3 29. Bc1 Bf8 30. a3 Qd7 31. b4 Ra8 32. Qd3 Qc8 33. Rb1 a5 34. Qxb5 axb4 35. axb4 Kh7 36. Qd3 Rc4 37. b5 Bb4 38. h4 Ra5 39. Be2 Qd7 40. Qd1 Qxb5 41. Rxc3 Qc6 42. Rcb3 Ba8 43. e4 Bc3 44. Be3 f4 45. gxf4 Qf6 46. Bxc4 dxc4 47. Rb6 Qxh4 48. Qf3 Rh5 49. Qg2 g5 50. fxg5 g6 51. Rd6 Qh1+ 52. Qxh1 Rxh1+ 53. Kxh1 Bxe4+ 54. Kg1 Bxb1 55. Rc6 Bd3 56. d5 Kg8 57. d6 Kf7 58. Rc7+ Ke8 59. Re7+ Kf8 60. Bc5 Ba5 61. d7 1-0

[Event "SK Schwäbisch Hall - SF Deizisau 2"]
[Site "?"]
[Date "2024.03.24"]
[Round "8.4"]
[White "Svana, Peter"]
[Black "Gustain, Marc"]
[Result "0-1"]
[WhiteElo "2275"]
[BlackElo "2174"]
[PlyCount "106"]
[EventDate "2024.??.??"]

1. d4 d5 2. c4 dxc4 3. Nf3 Nf6 4. Qc2 Nc6 5. Qxc4 g6 6. e4 Bg7 7. d5 Nb8 8. Nc3 c6 9. Bf4 O-O 10. Be2 cxd5 11. exd5 a6 12. Bc7 Qe8 13. a4 Bd7 14. a5 Qc8 15. Rc1 Ne8 16. Be5 Qxc4 17. Bxc4 Bxe5 18. Nxe5 Nd6 19. Bb3 Rc8 20. O-O f6 21. Nf3 Be8 22. Rfe1 Kf8 23. Nd4 Bf7 24. Na4 Nd7 25. Ne6+ Bxe6 26. dxe6 Ne5 27. Nb6 Nd3 28. Nxc8 Nxc8 29. Red1 Nxc1 30. Rxc1 Nd6 31. h4 Rc8 32. Rxc8+ Nxc8 33. Bd5 Nd6 34. f3 Ke8 35. h5 Kd8 36. f4 Kc7 37. Kf2 b6 38. axb6+ Kxb6 39. Bb3 Kc5 40. g4 gxh5 41. gxh5 h6 42. Ke3 Nf5+ 43. Kd3 Ng7 44. Bd1 Nxe6 45. Ke4 Ng7 46. f5 a5 47. Be2 Ne8 48. Bd3 Nd6+ 49. Kf4 Kd4 50. Ba6 Nf7 51. Bc8 Ne5 52. b3 Nd3+ 53. Kf3 Nc5 0-1

[Event "SK Schwäbisch Hall - SF Deizisau 2"]
[Site "?"]
[Date "2024.03.24"]
[Round "8.5"]
[White "Gheng, Dominik"]
[Black "Gajcin, Marina"]
[Result "1-0"]
[WhiteElo "1961"]
[BlackElo "2241"]
[PlyCount "71"]
[EventDate "2024.??.??"]

1. e4 c5 2. c4 Nc6 3. Nc3 g6 4. g3 Bg7 5. Bg2 d6 6. Nge2 e6 7. a3 Nge7 8. d3 O-O 9. Rb1 b6 10. Be3 Bb7 11. d4 cxd4 12. Nxd4 Na5 13. b3 d5 14. cxd5 exd5 15. O-O dxe4 16. Nxe4 Nd5 17. Bg5 Qd7 18. Ne2 Qe6 19. b4 Nc4 20. Qb3 Rac8 21. Rfe1 Kh8 22. Nf4 Nxf4 23. Bxf4 Qg4 24. Nd6 Nxd6 25. Bxd6 Bxg2 26. Bxf8 Be4 27. Bxg7+ Kxg7 28. Rbc1 Rxc1 29. Rxc1 h5 30. Rc7 Qf5 31. Qc3+ Kh6 32. h4 f6 33. Qd2+ g5 34. Qd8 gxh4 35. Qh8+ Kg5 36. Rg7+ 1-0

[Event "SK Schwäbisch Hall - SF Deizisau 2"]
[Site "?"]
[Date "2024.03.24"]
[Round "8.7"]
[White "Koellner, Christof"]
[Black "Eric, Jovana"]
[Result "0-1"]
[WhiteElo "2009"]
[BlackElo "2158"]
[PlyCount "80"]
[EventDate "2024.??.??"]

1. d4 Nf6 2. Nf3 e6 3. Nbd2 d5 4. e3 b6 5. b3 Bb7 6. Bb2 Bd6 7. Ne5 O-O 8. Bd3 Nc6 9. f4 Nb4 10. a3 Nxd3+ 11. cxd3 Nd7 12. O-O f6 13. Nxd7 Qxd7 14. Nf3 a5 15. Rf2 c5 16. g3 a4 17. Bc1 Rfc8 18. Rb2 Bc6 19. Qe1 c4 20. bxc4 dxc4 21. e4 cxd3 22. Rxb6 Bc7 23. Rbb1 f5 24. d5 exd5 25. exf5 d4 26. Qd1 Qd5 27. Kf2 Re8 28. Qxd3 Re3 29. Bxe3 Qxf3+ 30. Ke1 Ba5+ 31. Rb4 Bxb4+ 32. axb4 Re8 33. Qc4+ Bd5 34. Qxd4 Rxe3+ 35. Kd2 Re2+ 36. Kc1 Qf1+ 37. Qd1 Re1 38. Qxe1 Qxe1+ 39. Kb2 Qxb4+ 40. Kc2 Be4+ 0-1

[Event "SK Schwäbisch Hall - SF Deizisau 2"]
[Site "?"]
[Date "2024.03.24"]
[Round "8.8"]
[White "Kapusta, Petr"]
[Black "Zacke, Tim"]
[Result "1-0"]
[WhiteElo "2054"]
[BlackElo "1956"]
[PlyCount "61"]
[EventDate "2024.??.??"]

1. e4 d6 2. d4 g6 3. Nc3 Bg7 4. f4 a6 5. Nf3 b5 6. Bd3 Nd7 7. Be3 c5 8. dxc5 Nxc5 9. Bxc5 dxc5 10. e5 Bb7 11. Be4 Qc7 12. Bxb7 Qxb7 13. Qd5 Qxd5 14. Nxd5 O-O-O 15. O-O-O e6 16. Nb6+ Kc7 17. Rxd8 Kxd8 18. Rd1+ Kc7 19. Rd7+ Kxb6 20. Rxf7 Bh6 21. g3 Kc6 22. Kd2 Kd5 23. Ke3 a5 24. g4 Bxf4+ 25. Kxf4 Nh6 26. Rd7+ Kc4 27. Nd2+ Kb4 28. Kg5 Rd8 29. a3+ Ka4 30. Ne4 b4 31. Nxc5+ 1-0

[Event "SV Jedesheim - SF Pfullingen"]
[Site "?"]
[Date "2024.03.24"]
[Round "8.1"]
[White "Braeuner, Uwe"]
[Black "Atlas, Valery"]
[Result "0-1"]
[WhiteElo "2111"]
[BlackElo "2417"]
[PlyCount "50"]
[EventDate "2024.??.??"]

1. a3 Nf6 2. Nf3 d5 3. d4 e6 4. Bg5 Be7 5. e3 h6 6. Bh4 b6 7. Bb5+ c6 8. Bd3 Ba6 9. Ne5 Bxd3 10. Qxd3 O-O 11. Nd2 c5 12. O-O Qc7 13. c3 Nbd7 14. f4 Rae8 15. Rf3 Nh7 16. Bxe7 Rxe7 17. Kh1 Nxe5 18. fxe5 f6 19. exf6 Nxf6 20. Raf1 Ref7 21. Qg6 e5 22. Rf5 cxd4 23. exd4 e4 24. Re1 Ng4 25. Rh5 Qf4 0-1

[Event "SV Jedesheim - SF Pfullingen"]
[Site "?"]
[Date "2024.03.24"]
[Round "8.2"]
[White "Hofer, Emilian"]
[Black "Altenhof, Martin"]
[Result "1-0"]
[WhiteElo "2223"]
[BlackElo "2154"]
[PlyCount "63"]
[EventDate "2024.??.??"]

1. e4 d6 2. d4 Nf6 3. Nc3 g6 4. f4 Bg7 5. Bd3 O-O 6. Nf3 Na6 7. O-O c5 8. d5 Bg4 9. Kh1 Rb8 10. Bc4 Nc7 11. a4 a6 12. a5 Nb5 13. Qe1 Bxf3 14. gxf3 Nxc3 15. bxc3 Ne8 16. Rg1 Nc7 17. f5 Qd7 18. Qh4 b5 19. axb6 Rxb6 20. Bh6 Rfb8 21. Raf1 Bxc3 22. f4 Bf6 23. Bg5 Qa4 24. Bd3 c4 25. fxg6 fxg6 26. f5 cxd3 27. fxg6 h5 28. Bxf6 Nxd5 29. Ba1 dxc2 30. Qxh5 Qxe4+ 31. Rg2 Qxg2+ 32. Kxg2 1-0

[Event "SV Jedesheim - SF Pfullingen"]
[Site "?"]
[Date "2024.03.24"]
[Round "8.3"]
[White "Klaric, Zoran"]
[Black "Anistratov, Dmitriy"]
[Result "0-1"]
[WhiteElo "2000"]
[BlackElo "2262"]
[PlyCount "64"]
[EventDate "2024.??.??"]

1. Nf3 Nf6 2. g3 d6 3. Bg2 g6 4. O-O Bg7 5. d3 O-O 6. e4 c5 7. Nc3 Nc6 8. Nd5 Ne8 9. a4 Bd7 10. c3 e6 11. Ne3 e5 12. Nd2 Kh8 13. f4 f5 14. exf5 gxf5 15. Ndc4 Rb8 16. Bh3 Ne7 17. Ng2 Ng6 18. Qe2 b6 19. Nce3 Qc8 20. Qh5 e4 21. Qd1 Nf6 22. Nc4 Qc6 23. Nge3 d5 24. Ne5 Nxe5 25. fxe5 Ng4 26. dxe4 Nxe3 27. Bxe3 fxe4 28. Bxd7 Qxd7 29. Qh5 Qe6 30. Bf4 Rbe8 31. Rae1 Rf5 32. Qh3 Rxf4 0-1

[Event "SV Jedesheim - SF Pfullingen"]
[Site "?"]
[Date "2024.03.24"]
[Round "8.4"]
[White "Atlas, Dmitry"]
[Black "Guess, Cornel-Andreas"]
[Result "0-1"]
[WhiteElo "2177"]
[BlackElo "1938"]
[PlyCount "62"]
[EventDate "2024.??.??"]

1. e4 e5 2. Nf3 Nc6 3. Bc4 Nf6 4. d3 Be7 5. O-O O-O 6. Nc3 d6 7. a4 Be6 8. Re1 Qd7 9. a5 a6 10. Bd2 Kh8 11. Nd5 Bd8 12. Bb3 Nd4 13. Nxd4 exd4 14. Ra4 c5 15. c3 dxc3 16. Bxc3 Bxd5 17. exd5 Qf5 18. g4 Qd7 19. Qf3 Rc8 20. Rf4 Ng8 21. Ba4 Qc7 22. Kg2 Bg5 23. Rf5 f6 24. Qe4 Nh6 25. Rf3 Qf7 26. Rg3 Bh4 27. Rh3 f5 28. Qe6 fxg4 29. Qxf7 gxh3+ 30. Kxh3 Rxf7 31. Re6 Bf6 0-1

[Event "SV Jedesheim - SF Pfullingen"]
[Site "?"]
[Date "2024.03.24"]
[Round "8.5"]
[White "Nagelsdiek, Michael"]
[Black "Stiepan, Hans-Michael"]
[Result "1-0"]
[WhiteElo "2033"]
[BlackElo "2133"]
[PlyCount "163"]
[EventDate "2024.??.??"]

1. c4 Nf6 2. g3 e6 3. Bg2 c5 4. b3 Be7 5. e3 Nc6 6. Nf3 O-O 7. O-O b6 8. Bb2 Bb7 9. Nc3 Rc8 10. d3 d5 11. Qe2 Qd7 12. Rad1 Rfd8 13. Rfe1 d4 14. exd4 cxd4 15. Nb1 a6 16. a3 b5 17. Nbd2 Bf8 18. b4 bxc4 19. dxc4 d3 20. Qe3 Nxb4 21. axb4 Bxb4 22. Ne5 Qc7 23. Nxd3 Bxg2 24. Kxg2 Bxd2 25. Rxd2 Qxc4 26. Ne5 Qb5 27. Rxd8+ Rxd8 28. Re2 h6 29. f3 Rd1 30. Rf2 Qd5 31. Qc3 h5 32. Qc8+ Qd8 33. Qxa6 Rd2 34. Qa7 Rxf2+ 35. Qxf2 Qd5 36. h4 Ng4 37. Qd4 Qxd4 38. Bxd4 Nf6 39. Nc4 Nd5 40. Ne3 Ne7 41. Kf2 f6 42. Ke2 Kf7 43. Bc5 Nc6 44. Nc4 g5 45. Ke3 Kg6 46. Bd6 Nd8 47. Na5 Nf7 48. Bf8 Ne5 49. Bd6 Nf7 50. Bc7 Nh6 51. hxg5 fxg5 52. Nc6 Nf5+ 53. Kf2 g4 54. Ne5+ Kf6 55. fxg4 hxg4 56. Nxg4+ Ke7 57. Be5 Nxg3 58. Bxg3 Kd7 59. Ke3 Kc6 60. Ke4 Kc5 61. Be5 Kc4 62. Nf6 Kc5 63. Nh7 Kc4 64. Nf8 Kc5 65. Nxe6+ Kc6 66. Kd4 Kb5 67. Kc3 Kc6 68. Kc4 Kb6 69. Nd8 Ka7 70. Kd5 Ka8 71. Kc6 Ka7 72. Ne6 Ka8 73. Nf4 Ka7 74. Nd5 Ka8 75. Nb6+ Ka7 76. Bg3 Ka6 77. Bb8 Ka5 78. Nd5 Ka6 79. Nb4+ Ka5 80. Kc5 Ka4 81. Kc4 Ka3 82. Nd3 1-0

[Event "SV Jedesheim - SF Pfullingen"]
[Site "?"]
[Date "2024.03.24"]
[Round "8.6"]
[White "Bossinger, Patrick"]
[Black "Einwiller, Dieter"]
[Result "1-0"]
[WhiteElo "2085"]
[BlackElo "1984"]
[PlyCount "55"]
[EventDate "2024.??.??"]

1. e4 d5 2. exd5 Nf6 3. Bb5+ Nbd7 4. Nf3 Nxd5 5. O-O c6 6. Be2 g6 7. d4 Bg7 8. c4 Nc7 9. Nc3 O-O 10. Re1 Nf6 11. h3 Re8 12. Be3 a6 13. Qb3 b5 14. Ne5 bxc4 15. Bxc4 Be6 16. Nxf7 Kxf7 17. Bxe6+ Nxe6 18. Bh6 Nd5 19. Rxe6 Bxh6 20. Rxc6 e6 21. Ne4 Re7 22. Re1 Kg7 23. Nc5 Nc7 24. d5 exd5 25. Rxe7+ Qxe7 26. Rxc7 Qxc7 27. Ne6+ Kh8 28. Nxc7 1-0

[Event "SV Jedesheim - SF Pfullingen"]
[Site "?"]
[Date "2024.03.24"]
[Round "8.7"]
[White "Janasik, Gerhard"]
[Black "Jaskulski, Jan"]
[Result "0-1"]
[WhiteElo "1935"]
[BlackElo "1998"]
[PlyCount "60"]
[EventDate "2024.??.??"]

1. e4 c5 2. Nf3 d6 3. c3 Nf6 4. h3 g6 5. Bd3 Bg7 6. Bc2 O-O 7. d4 cxd4 8. cxd4 Nc6 9. Nc3 b6 10. O-O Bb7 11. Bg5 Rc8 12. Re1 h6 13. Bh4 b5 14. Nxb5 Qb6 15. Ba4 Ba6 16. Nc3 Qxb2 17. Bxc6 Rxc6 18. Nd5 Nxd5 19. exd5 Rc2 20. Rb1 Qc3 21. Bxe7 Re8 22. Bxd6 Ree2 23. Rxe2 Bxe2 24. Qe1 Bxf3 25. Qe8+ Kh7 26. Rb8 g5 27. Qg8+ Kg6 28. Be5 Qe1+ 29. Kh2 Qxf2 30. Qxg7+ Kh5 0-1

[Event "SV Jedesheim - SF Pfullingen"]
[Site "?"]
[Date "2024.03.24"]
[Round "8.8"]
[White "Buechele, Johannes"]
[Black "Schuelke, Tilman"]
[Result "1/2-1/2"]
[WhiteElo "1914"]
[BlackElo "1855"]
[PlyCount "53"]
[EventDate "2024.??.??"]

1. d4 d6 2. Nf3 Bg4 3. e3 e6 4. c4 c6 5. Nc3 d5 6. h3 Bh5 7. g4 Bg6 8. Ne5 Nd7 9. Nxg6 hxg6 10. Qb3 Qb6 11. Bd2 Ngf6 12. Bg2 g5 13. O-O-O Be7 14. Kb1 Qxb3 15. axb3 dxc4 16. bxc4 Nb6 17. b3 Rd8 18. Kc2 Rd7 19. Ra1 a6 20. e4 c5 21. d5 e5 22. Be3 Rc7 23. Rhd1 Rc8 24. d6 Bf8 25. Ra5 Nfd7 26. Bxg5 Rc6 27. Be7 1/2-1/2

[Event "SG Schwäbisch Gmünd - SC Böblingen"]
[Site "?"]
[Date "2024.03.24"]
[Round "8.2"]
[White "Jurek, Josef"]
[Black "Hirneise, Jens"]
[Result "1/2-1/2"]
[WhiteElo "2199"]
[BlackElo "2279"]
[PlyCount "53"]
[EventDate "2024.??.??"]

1. d4 Nf6 2. Nf3 g6 3. g3 Bg7 4. Bg2 O-O 5. O-O d6 6. b3 e5 7. dxe5 dxe5 8. Ba3 Qxd1 9. Rxd1 Re8 10. Nc3 e4 11. Nd2 Bf5 12. Nc4 Na6 13. h3 h5 14. Rab1 Rab8 15. Ne3 Bc8 16. Ned5 Nxd5 17. Nxd5 Be6 18. Nf4 Bf5 19. e3 Bf8 20. Bxf8 Kxf8 21. Rd4 c5 22. Rd2 Nc7 23. Rbd1 Re5 24. Nd5 Nxd5 25. Rxd5 Rxd5 26. Rxd5 b6 27. Rd2 1/2-1/2

[Event "SG Schwäbisch Gmünd - SC Böblingen"]
[Site "?"]
[Date "2024.03.24"]
[Round "8.4"]
[White "Hoenick, Andreas"]
[Black "Mueller, Ralf"]
[Result "0-1"]
[WhiteElo "2105"]
[BlackElo "2332"]
[PlyCount "88"]
[EventDate "2024.??.??"]

1. d4 Nf6 2. c4 e6 3. Nf3 d5 4. Nc3 Bb4 5. cxd5 exd5 6. Bg5 h6 7. Bh4 c5 8. dxc5 Nc6 9. e3 g5 10. Bg3 Ne4 11. Nd2 Nxg3 12. hxg3 d4 13. exd4 Qxd4 14. Be2 Be6 15. O-O O-O-O 16. Nf3 Qxc5 17. Qa4 g4 18. Nh4 Nd4 19. Rfe1 Kb8 20. Bf1 b5 21. Qd1 Nb3 22. axb3 Rxd1 23. Rexd1 Bxb3 24. Rd7 Be6 25. Rdxa7 Bxc3 26. bxc3 Qxa7 27. Rxa7 Kxa7 28. Bxb5 Rb8 29. c4 Kb6 30. f3 Ra8 31. Kf2 Ra3 32. Be8 h5 33. Bb5 Kc5 34. f4 Kd4 35. Be8 Ra2+ 36. Kg1 Kxc4 37. Bc6 Kd4 38. Bb7 Ke3 39. Bc6 Ra1+ 40. Kh2 Kf2 41. f5 Bc4 42. f6 Be6 43. Be4 Ra5 44. Bc2 Ke3 0-1

[Event "SG Schwäbisch Gmünd - SC Böblingen"]
[Site "?"]
[Date "2024.03.24"]
[Round "8.5"]
[White "Schuh, Karsten"]
[Black "Weiss, Andreas"]
[Result "1-0"]
[WhiteElo "2125"]
[BlackElo "2048"]
[PlyCount "131"]
[EventDate "2024.??.??"]

1. Nf3 Nf6 2. c4 c5 3. g3 b6 4. Bg2 Bb7 5. O-O e6 6. b3 Be7 7. Bb2 O-O 8. e3 d6 9. Nc3 Nbd7 10. Rc1 Rc8 11. Qe2 Qc7 12. Rfd1 Qb8 13. Ne1 Bxg2 14. Nxg2 Qb7 15. f4 Ne4 16. Qf3 d5 17. d3 Nxc3 18. Bxc3 Bf6 19. Bxf6 Nxf6 20. g4 Rfd8 21. g5 Ne8 22. f5 Qe7 23. fxe6 fxe6 24. Qg4 Nc7 25. Nf4 g6 26. h4 Rf8 27. Rf1 Rcd8 28. Rf2 dxc4 29. dxc4 e5 30. Nh3 Qe6 31. Rxf8+ Rxf8 32. Nf2 Rd8 33. Rc2 Kf7 34. Kg2 Qxg4+ 35. Nxg4 Ke6 36. Rf2 Rd1 37. Rf6+ Ke7 38. Nxe5 Rd2+ 39. Rf2 Rxf2+ 40. Kxf2 Ke6 41. Nd3 Ne8 42. e4 Nd6 43. Ke3 Nf7 44. Kf4 Nd6 45. Ne5 Nc8 46. Ng4 Ne7 47. Nf6 h5 48. gxh6 Kxf6 49. e5+ Kf7 50. e6+ Kg8 51. Kg5 Kh7 52. h5 gxh5 53. Kxh5 Kg8 54. Kg5 Kf8 55. h7 Kg7 56. h8=Q+ Kxh8 57. Kf6 Ng8+ 58. Kf7 Nh6+ 59. Kf8 Nf5 60. e7 Nxe7 61. Kxe7 Kg7 62. Kd6 Kf6 63. a4 Kf5 64. a5 Ke4 65. axb6 axb6 66. Kc6 1-0

[Event "SG Schwäbisch Gmünd - SC Böblingen"]
[Site "?"]
[Date "2024.03.24"]
[Round "8.6"]
[White "Lang, Thomas"]
[Black "Born, Mario"]
[Result "1/2-1/2"]
[WhiteElo "2030"]
[BlackElo "2155"]
[PlyCount "81"]
[EventDate "2024.??.??"]

1. e4 c6 2. d4 d5 3. exd5 cxd5 4. Bd3 Nf6 5. h3 g6 6. c3 Nc6 7. Bf4 Bg7 8. Nf3 O-O 9. O-O Qb6 10. Qb3 Qxb3 11. axb3 Bf5 12. Bb5 Rfc8 13. Re1 Kf8 14. Nbd2 a6 15. Bf1 Nd7 16. g4 Be6 17. Ng5 Nd8 18. Nxh7+ Kg8 19. Ng5 Nf6 20. Bd3 Nh7 21. Ndf3 Nxg5 22. Nxg5 Bf6 23. Nxe6 Nxe6 24. Bg3 Kg7 25. h4 g5 26. h5 Nf4 27. Bxf4 gxf4 28. Kg2 e6 29. Kf3 Bg5 30. b4 Kf6 31. Ra5 Rc6 32. Rea1 Rac8 33. b5 Rb6 34. R1a2 axb5 35. Rxb5 Rcc6 36. Rba5 Rb3 37. Bc2 Rbb6 38. Ra8 Kg7 39. Bd3 Rb3 40. Bc2 Rbb6 41. Bd3 1/2-1/2

[Event "SG Schwäbisch Gmünd - SC Böblingen"]
[Site "?"]
[Date "2024.03.24"]
[Round "8.7"]
[White "Schulte, Torsten"]
[Black "Pohl, Walter"]
[Result "1/2-1/2"]
[WhiteElo "2039"]
[BlackElo "2086"]
[PlyCount "96"]
[EventDate "2024.??.??"]

1. d4 d5 2. c4 e6 3. Nc3 Nf6 4. Bg5 Be7 5. cxd5 exd5 6. Qc2 O-O 7. e3 c6 8. Bd3 h6 9. Bh4 Re8 10. Nf3 Ne4 11. Bxe4 dxe4 12. Qxe4 f5 13. Bxe7 fxe4 14. Bxd8 exf3 15. Bc7 fxg2 16. Rg1 Na6 17. Be5 Nb4 18. Ke2 Bh3 19. f3 c5 20. Kf2 cxd4 21. Bxd4 Nc2 22. Rad1 b6 23. Kg3 Nxd4 24. Rxd4 Be6 25. Rxg2 Rad8 26. Rgd2 Rxd4 27. Rxd4 Rc8 28. e4 Kf7 29. Kf4 Rc5 30. Ke3 g5 31. Rd8 Rc7 32. a3 Bc4 33. Nd5 Bxd5 34. Rxd5 Ke6 35. f4 gxf4+ 36. Kxf4 Rc2 37. Rh5 Rf2+ 38. Ke3 Rxb2 39. Rxh6+ Ke7 40. Rh5 Ke6 41. Kd4 Rd2+ 42. Kc3 Ra2 43. Kb3 Re2 44. e5 Re4 45. Rh7 Rxe5 46. Rxa7 Rh5 47. Rb7 Rxh2 48. Rxb6+ Kd5 1/2-1/2